Strategy for sustainability : (Record no. 40105)

MARC details
000 -LEADER
campo de control de longitud fija 01397cam a2200313Ma 4500
001 - NÚMERO DE CONTROL
campo de control 85535
005 - FECHA Y HORA DE LA ÚLTIMA TRANSACCIÓN
campo de control 20230410105612.0
008 - DATOS DE LONGITUD FIJA--INFORMACIÓN GENERAL
campo de control de longitud fija 090112s2009 mau b 001 0 eng d
010 ## - NÚMERO DE CONTROL DE LA BIBLIOTECA DEL CONGRESO
Número de control de LC 2009000802
035 ## - NÚMERO DE CONTROL DEL SISTEMA
Número de control de sistema (OCoLC)ocn517440054
040 ## - FUENTE DE CATALOGACIÓN
Centro catalogador/agencia de origen LVB
Lengua de catalogación fre
Centro/agencia transcriptor LVB
020 ## - NÚMERO INTERNACIONAL ESTÁNDAR DEL LIBRO
Número Internacional Estándar del Libro 9781422177709 (hardcover : alk. paper)
020 ## - NÚMERO INTERNACIONAL ESTÁNDAR DEL LIBRO
Número Internacional Estándar del Libro 142217770X (hardcover : alk. paper)
035 ## - NÚMERO DE CONTROL DEL SISTEMA
Número de control de sistema (OCoLC)517440054
050 14 - SIGNATURA TOPOGRÁFICA DE LA BIBLIOTECA DEL CONGRESO
Número de clasificación HD 30.28
Número de ítem W484s 2009
082 00 - NÚMERO DE LA CLASIFICACIÓN DECIMAL DEWEY
Número de clasificación 658.4/012
082 00 - NÚMERO DE LA CLASIFICACIÓN DECIMAL DEWEY
Número de clasificación 338
100 1# - ENTRADA PRINCIPAL--NOMBRE DE PERSONA
Nombre de persona Werbach, Adam.
245 10 - MENCIÓN DEL TÍTULO
Título Strategy for sustainability :
Resto del título a business manifesto /
Mención de responsabilidad, etc. Adam Werbach.
260 ## - PUBLICACIÓN, DISTRIBUCIÓN, ETC.
Lugar de publicación, distribución, etc. Boston, Mass. :
Nombre del editor, distribuidor, etc. Harvard Business Press,
Fecha de publicación, distribución, etc. c2009.
300 ## - DESCRIPCIÓN FÍSICA
Extensión 226 p. ;
Dimensiones 24 cm.
504 ## - NOTA DE BIBLIOGRAFÍA, ETC.
Nota de bibliografía, etc. Bibliogr.
505 8# - NOTA DE CONTENIDO CON FORMATO
Nota de contenido con formato A different way to formulate your business strategy -- Mapping your opportunities : an analysis of society, technology, and resources (STaR) -- Setting your North Star and initiating the TEN cycle : the tools of implementation -- Using transparency to execute your strategy : open up your business for scrutiny -- Engaging individuals : people want to help -- The network of sustainability partners : a company cannot execute its strategy alone -- Leadership at all levels : inspiration as a leadership technique.
650 #6 - PUNTO DE ACCESO ADICIONAL DE MATERIA--TÉRMINO DE MATERIA
Término de materia o nombre geográfico como elemento de entrada Planification stratégique.
650 #6 - PUNTO DE ACCESO ADICIONAL DE MATERIA--TÉRMINO DE MATERIA
Término de materia o nombre geográfico como elemento de entrada Développement durable.
942 ## - ELEMENTOS DE ENTRADA SECUNDARIOS (KOHA)
Fuente del sistema de clasificación o colocación Clasificación de Library of Congress
Tipo de ítem Koha
994 ## -
-- C0
-- DRFGD
946 ## - PROCESAMIENTO DE INFORMACIÓN LOCAL (OCLC)
a lmm
Holdings
Estatus retirado Estado de pérdida Fuente del sistema de clasificación o colocación Estado de daño No para préstamo Colección Biblioteca de origen Biblioteca actual Ubicación en estantería Fecha de adquisición Serial enumeration / chronology Signatura topográfica completa Código de barras Visto por última vez Copia número Tipo de ítem Koha
    Clasificación de Library of Congress     Ciencias Sociales Biblioteca Juan Bosch Biblioteca Juan Bosch Ciencias Sociales (3er. Piso) 10/04/2023 1 HD 30.28 W484s 2009 00000076895 24/10/2018 1